| Tag |
First Indicator |
Second Indicator |
Subfields |
| LEADER |
00000cam a22000008i 4500 |
| 001 |
in00005643021 |
| 008 |
240816t20252025nyub g 000 1 eng |
| 005 |
20250425173009.2 |
| 010 |
|
|
|a 2024037236
|
| 035 |
|
|
|a (OCoLC)on1426763129
|
| 040 |
|
|
|a DLC
|b eng
|e rda
|c DLC
|d OCLCO
|d IG#
|d FAYTV
|d OCO
|d OCLCO
|d IMT
|d IUK
|d TH8
|d SDD
|
| 019 |
|
|
|a 1464943970
|a 1492828788
|
| 020 |
|
|
|a 9780316369060
|q (hardcover)
|
| 020 |
|
|
|a 0316369063
|q (hardcover)
|
| 020 |
|
|
|z 9780316369268
|q (ebook)
|
| 035 |
|
|
|a (OCoLC)1426763129
|z (OCoLC)1464943970
|z (OCoLC)1492828788
|
| 037 |
|
|
|b Little Brown & Co, 53 State st 9th Fl, Boston, MA, USA, 02109, (617)2270730
|n SAN 200-2205
|
| 042 |
|
|
|a pcc
|
| 050 |
0 |
0 |
|a PS3601.B429
|b A93 2025
|
| 082 |
0 |
0 |
|a 813/.6
|2 23/eng/20240816
|
| 100 |
1 |
|
|a Abdullah, Chelsea,
|e author.
|1 https://id.oclc.org/worldcat/entity/E39PCjHdWgyCPVth4BT9JRGBHd
|
| 245 |
1 |
4 |
|a The ashfire king /
|c Chelsea Abdullah.
|
| 250 |
|
|
|a First edition.
|
| 264 |
|
1 |
|a New York, NY :
|b Orbit,
|c 2025.
|
| 264 |
|
4 |
|c ©2025
|
| 300 |
|
|
|a 529 pages :
|b map ;
|c 24 cm.
|
| 336 |
|
|
|a text
|b txt
|2 rdacontent
|
| 337 |
|
|
|a unmediated
|b n
|2 rdamedia
|
| 338 |
|
|
|a volume
|b nc
|2 rdacarrier
|
| 490 |
1 |
|
|a The Sandsea trilogy ;
|v book two
|
| 520 |
|
|
|a "After fleeing a patricidal prince, legendary merchant Loulie al-Nazari and banished prince Mazen bin Malik find themselves in the realm of jinn. But instead of sanctuary, they find a world on the cusp of collapse. The jinn cities, long sheltered beneath the Sandsea by the magic of its kings, are sinking. Amid the turmoil, political alliances are forming, and rebellion is on the rise. When Loulie assists a dissenter--one of her bodyguard's old comrades--she puts herself in the center of a centuries-old war. Trapped in a world that isn't her own and wielding magic that belongs to a fallen king, Loulie must decide: Will she carry on someone else's legacy or carve out her own?"--
|c Provided by publisher.
|
| 650 |
|
0 |
|a Quests (Expeditions)
|v Fiction.
|
| 650 |
|
0 |
|a Magic
|v Fiction.
|
| 650 |
|
0 |
|a Jinn
|v Fiction.
|
| 650 |
|
0 |
|a Imaginary wars and battles
|v Fiction.
|
| 650 |
|
6 |
|a Quête
|v Romans, nouvelles, etc.
|
| 650 |
|
6 |
|a Djinn
|v Romans, nouvelles, etc.
|
| 650 |
|
6 |
|a Guerres et batailles imaginaires
|v Romans, nouvelles, etc.
|
| 655 |
|
7 |
|a Fantasy fiction.
|2 lcgft
|
| 655 |
|
7 |
|a Novels.
|2 lcgft
|
| 800 |
1 |
|
|a Abdullah, Chelsea.
|t Sandsea trilogy ;
|v bk. 2.
|
| 938 |
|
|
|a Ingram Library Services
|b INGR
|n in022517621
|
| 938 |
|
|
|a YBP Library Services
|b YANK
|n 20946266
|
| 938 |
|
|
|a Brodart
|b BROD
|n 137254199
|
| 938 |
|
|
|a YBP Library Services
|b YANK
|n 21169707
|
| 994 |
|
|
|a Z0
|b TXA
|
| 948 |
|
|
|h NO HOLDINGS IN TXA - 171 OTHER HOLDINGS
|
| 999 |
f |
f |
|s 8d05a72f-cfbd-4f6f-bf02-f4c3a2b75633
|i 8a78392c-298c-4a1e-a366-abcac3d0e5f7
|t 0
|
| 952 |
f |
f |
|p normal
|a Texas A&M University
|b College Station
|c Sterling C. Evans Library
|s Evans stk
|d Evans: Library Stacks
|t 0
|e PS3601.B429 A93 2025
|h Library of Congress classification
|i unmediated -- volume
|m A14852729178
|
| 952 |
f |
f |
|p 30_day
|a Texas A&M University
|b Galveston Campus
|c Jack K. Williams Library
|s galv bsc
|d Galveston Bestseller Collection
|t 0
|e PS3601.B429 A93 2025
|h Library of Congress classification
|i unmediated -- volume
|m A14852729194
|
| 998 |
f |
f |
|a PS3601.B429 A93 2025
|t 0
|l Galveston Stacks
|
| 998 |
f |
f |
|a PS3601.B429 A93 2025
|t 0
|l Evans: Library Stacks
|